000 01121cam a22002174a 4500
005 20250605164122.0
008 250528s ||||||||||||||||||||||||d
035 _a18330
020 _a155025600
040 _aGR-AtMCL
_bgre
_dGR-AtMCL
_eAACR2
245 1 _aA History of Modern Psychology / Sixth Edition
250 _a6th
260 _bHarcourt Brace College Publishers,
_c1996
300 _a514
520 _aThe Study of the History of Psychology, Philosophical Influences on Psychology, Physiological Influences on Psychology, The New Psychology, Structuralism, Functionalism: Antecedent Influences, Functionalism: Development and Founding, Functionalism's Legacy: Applied Psychology, Behaviorism: Antecedent Influences, Behaviorism: The Beginnings, Behaviorism: After the Founding, Gestalt Psychology, Psychoanalysis: The Beginnings, Psychoanalysis: Dissenters and Descendants, Humanistic Psychology and Cognitive Psychology, Gender and Race in the History of Psychology.
700 1 _aSchultz Duane P
_94603
700 1 _aSchultz Sydney Ellen
_94604
942 _cBK
999 _c3693
_d3693